[Event "4NCL Online Division 5"]
[Site "online"]
[Date "2021.02.09"]
[EventDate "2021.02.09"]
[Round "2.144"]
[White "Martellotta, Gabriele"]
[WhiteElo "1352"]
[WhiteTeam "Uxbridge Destroyers"]
[Black "Stephanides, Costakis"]
[BlackElo "1263"]
[BlackTeam "Broadland Falco Duboisi"]
[Result "0-1"]
[PlyCount "60"]

1. d4 Nf6 2. c4 d6 3. Nc3 g6 4. Bg5 Bg7 5. e3 h6 6. Bh4 Bf5 7. Bd3 Bxd3 8. Qxd3 a6 9. Nge2 Nbd7 10. O-O O-O 11. f4 Re8 12. Rf3 e5 13. fxe5 dxe5 14. Ne4 g5 15. Bg3 Nxe4 16. Qxe4 exd4 17. Qf5 Re7 18. Nxd4 c5 19. Nb3 Bxb2 20. Rd1 Qe8 21. Bf2 Bg7 22. Nxc5 Ne5 23. Rh3 Nxc4 24. Nd7 Rd8 25. Nf6+ Bxf6 26. Rd4 Rxd4 27. Rxh6 Rd1+ 28. Be1 Rxe1+ 29. Kf2 Rf1+ 30. Kxf1 Nxe3+ 0-1

[Event "4NCL Online Division 5"]
[Site "online"]
[Date "2021.02.09"]
[EventDate "2021.02.09"]
[Round "2.151"]
[White "Gregory, Sam"]
[WhiteElo "1931"]
[WhiteTeam "Dundee City B"]
[Black "Pert, Nina"]
[BlackElo "1859"]
[BlackTeam "Brentwood B"]
[Result "1-0"]
[PlyCount "73"]

1. c4 e5 2. Nc3 Nc6 3. g3 Bc5 4. Bg2 d6 5. e3 a6 6. Nge2 Ba7 7. O-O h5 8. d4 h4 9. dxe5 Bg4 10. exd6 Ne5 11. Qd5 Nc6 12. dxc7 Qxc7 13. Qe4+ Be6 14. Nd5 Qd7 15. Nef4 Rh6 16. Bd2 f5 17. Qc2 Rc8 18. Nxe6 Qxe6 19. Bc3 g5 20. Rad1 Rh7 21. Rfe1 Nce7 22. e4 f4 23. e5 Qh6 24. g4 h3 25. Bf3 Rf7 26. Nf6+ Kf8 27. Nd7+ Ke8 28. e6 Rh7 29. Qe4 Nc6 30. b4 Re7 31. Qf5 Rd8 32. Nf6+ Nxf6 33. Bxf6 Nd4 34. Rxd4 Rxd4 35. Bxe7 Kxe7 36. Qf7+ Kd6 37. Qd7# 1-0

[Event "4NCL Online Division 5"]
[Site "online"]
[Date "2021.02.09"]
[EventDate "2021.02.09"]
[Round "2.152"]
[White "Molostvov, Dmitry M"]
[WhiteElo "1749"]
[WhiteTeam "Brentwood B"]
[Black "Kynoch, Richard"]
[BlackElo "1873"]
[BlackTeam "Dundee City B"]
[Result "0-1"]
[PlyCount "54"]

1. d4 Nf6 2. c4 e5 3. dxe5 Ng4 4. Nf3 Bc5 5. e3 Nc6 6. Be2 O-O 7. O-O Re8 8. h3 Ngxe5 9. Nc3 a5 10. Nxe5 Nxe5 11. b3 Ra6 12. Bb2 Rh6 13. Ne4 Ba7 14. Qd5 c6 15. Qd1 d5 16. cxd5 Bxh3 17. gxh3 Qh4 18. Bg4 Nxg4 19. Qxg4 Rg6 20. Qxg6 hxg6 21. Nd6 Rxe3 22. fxe3 Qg3+ 23. Kh1 Qxh3+ 24. Kg1 Bxe3+ 25. Rf2 Qg3+ 26. Kh1 Bxf2 27. Nxb7 Qh3# 0-1

[Event "4NCL Online Division 5"]
[Site "online"]
[Date "2021.02.09"]
[EventDate "2021.02.09"]
[Round "2.153"]
[White "Dawson, Euan"]
[WhiteElo "1833"]
[WhiteTeam "Dundee City B"]
[Black "Pert, Max"]
[BlackElo "1671"]
[BlackTeam "Brentwood B"]
[Result "1-0"]
[PlyCount "59"]

1. e4 d5 2. exd5 Nf6 3. d4 Bg4 4. Be2 Bxe2 5. Qxe2 Qxd5 6. Nf3 Nc6 7. c4 Qf5 8. a3 O-O-O 9. d5 Na5 10. Nbd2 b6 11. b4 Nb7 12. Nd4 Qg4 13. N2f3 g6 14. Nc6 Bg7 15. Nxa7+ Kb8 16. Nc6+ Kc8 17. Bb2 Nxd5 18. cxd5 Bxb2 19. Qxb2 Qxg2 20. Ke2 Qg4 21. Qc2 Rd6 22. Rhg1 Qd7 23. Nfe5 Qe8 24. Qa4 Na5 25. bxa5 Rxd5 26. Qc4 Rxe5+ 27. Nxe5 b5 28. Qc6 Qxc6 29. Nxc6 Kd7 30. Rac1 1-0

[Event "4NCL Online Division 5"]
[Site "online"]
[Date "2021.02.09"]
[EventDate "2021.02.09"]
[Round "2.154"]
[White "Willoughby, Charlotte"]
[WhiteElo "1667"]
[WhiteTeam "Brentwood B"]
[Black "Babin, Andre"]
[BlackElo "1829"]
[BlackTeam "Dundee City B"]
[Result "0-1"]
[PlyCount "82"]

1. d4 f5 2. Nf3 Nf6 3. Bf4 e6 4. e3 b6 5. Bd3 Bb7 6. O-O Be7 7. c4 O-O 8. Nc3 d6 9. Bc2 Qe8 10. b3 Nbd7 11. d5 e5 12. Bg3 Nh5 13. Bh4 Bxh4 14. Nxh4 g6 15. Nb5 Qd8 16. Nxf5 a6 17. Nc3 gxf5 18. Qxh5 Qf6 19. Rad1 Rae8 20. e4 f4 21. Rd3 Re7 22. Rh3 Rg7 23. b4 Bc8 24. Rh4 Rff7 25. Rg4 Nf8 26. Rxg7+ Rxg7 27. Bd1 Rg5 28. Qf3 Ng6 29. g3 Bh3 30. Re1 Nh4 31. Qe2 Ng2 32. Rf1 Qh6 33. Qd2 Nh4 34. Re1 fxg3 35. fxg3 Rxg3+ 36. hxg3 Qxd2 37. Re2 Qxc3 38. gxh4 Qd4+ 39. Kh2 Qxd1 40. Rf2 Bg4 41. Rg2 h5 0-1

[Event "4NCL Online Division 5"]
[Site "online"]
[Date "2021.02.09"]
[EventDate "2021.02.09"]
[Round "2.161"]
[White "Pico Ruiz, Javier"]
[WhiteElo "1800"]
[WhiteTeam "Shropshire 4"]
[Black "Brightley-Davies, Ciaran"]
[BlackElo "1625"]
[BlackTeam "Kent KJCA Kestrels E"]
[Result "1-0"]
[PlyCount "113"]

1. d4 e6 2. c4 Nf6 3. Nc3 Bb4 4. Bg5 h6 5. Bh4 b6 6. e3 Bb7 7. Nf3 g5 8. Bg3 Ne4 9. Qc2 d6 10. Nd2 Nxd2 11. Qxd2 Nd7 12. O-O-O Qe7 13. a3 Bxc3 14. Qxc3 O-O-O 15. b4 h5 16. h4 f6 17. f3 f5 18. c5 dxc5 19. dxc5 bxc5 20. bxc5 Qxc5 21. Qxc5 Nxc5 22. Rxd8+ Rxd8 23. hxg5 Rg8 24. Rxh5 Nd7 25. Bc4 Bd5 26. Bxd5 exd5 27. Bf4 Nf8 28. Kd2 Kd7 29. Kd3 Ne6 30. Rh7+ Kc8 31. Re7 Nxg5 32. Rxc7+ Kd8 33. Rxa7 Rg6 34. Kd4 Ne6+ 35. Kxd5 Nxf4+ 36. exf4 Rxg2 37. Ke6 Rf2 38. Kxf5 Rxf3 39. a4 Rb3 40. a5 Kc8 41. a6 Kb8 42. Rb7+ Rxb7 43. axb7 Kxb7 44. Ke6 Kc7 45. Ke7 Kc6 46. f5 Kd5 47. f6 Ke5 48. f7 Ke4 49. f8=Q Kd3 50. Qf4 Ke2 51. Qg3 Kf1 52. Qh2 Ke1 53. Ke6 Kd1 54. Ke5 Ke1 55. Ke4 Kf1 56. Ke3 Ke1 57. Qe2# 1-0

[Event "4NCL Online Division 5"]
[Site "online"]
[Date "2021.02.09"]
[EventDate "2021.02.09"]
[Round "2.162"]
[White "Lettington, David"]
[WhiteElo "1645"]
[WhiteTeam "Kent KJCA Kestrels E"]
[Black "Lockett, Daniel"]
[BlackElo "1743"]
[BlackTeam "Shropshire 4"]
[Result "1-0"]
[PlyCount "69"]

1. Nf3 d5 2. g3 c5 3. Bg2 Nc6 4. O-O Nf6 5. d3 e5 6. Nbd2 Be7 7. c3 O-O 8. e4 d4 9. c4 a6 10. a3 b5 11. Qe1 Rb8 12. Nh4 Be6 13. Nf5 bxc4 14. Nxc4 Bxc4 15. dxc4 Re8 16. f4 Bf8 17. Ra2 g6 18. Nh4 Nh5 19. f5 g5 20. Qe2 gxh4 21. Qxh5 hxg3 22. f6 gxh2+ 23. Kxh2 Re6 24. Bh6 Rxf6 25. Bg5 Bg7 26. Bxf6 Bxf6 27. Bh3 Kf8 28. Qh6+ Bg7 29. Qxc6 Rb3 30. Qxc5+ Kg8 31. Qd5 Qe7 32. Rg1 Kh8 33. c5 Rf3 34. b4 Qh4 35. Qa8+ 1-0

[Event "4NCL Online Division 5"]
[Site "online"]
[Date "2021.02.09"]
[EventDate "2021.02.09"]
[Round "2.163"]
[White "Walker, Kate"]
[WhiteElo "1677"]
[WhiteTeam "Shropshire 4"]
[Black "Wang, Yong Gui"]
[BlackElo "1535"]
[BlackTeam "Kent KJCA Kestrels E"]
[Result "0-1"]
[PlyCount "30"]

1. d4 Nf6 2. c4 g6 3. f3 Bg7 4. e4 d6 5. Nc3 O-O 6. Be3 e5 7. Nge2 Ne8 8. Ng3 f5 9. exf5 gxf5 10. Nge2 f4 11. Bf2 Bf5 12. dxe5 Bxe5 13. Nd4 Bg6 14. Ne6 Qe7 15. Nxf8 Bxc3# 0-1

[Event "4NCL Online Division 5"]
[Site "online"]
[Date "2021.02.09"]
[EventDate "2021.02.09"]
[Round "2.164"]
[White "Langley, Anthony M"]
[WhiteElo "1503"]
[WhiteTeam "Kent KJCA Kestrels E"]
[Black "Nield, Robert C"]
[BlackElo "1648"]
[BlackTeam "Shropshire 4"]
[Result "0-1"]
[PlyCount "34"]

1. e4 c5 2. Nc3 g6 3. Nf3 Nc6 4. Bb5 Bg7 5. Bxc6 bxc6 6. d4 cxd4 7. Nxd4 Qc7 8. g3 Nf6 9. Nf3 O-O 10. O-O d5 11. exd5 cxd5 12. Nxd5 Nxd5 13. Qxd5 Bb7 14. Qb3 Qc6 15. Kg2 Rfd8 16. Be3 Qxf3+ 17. Kh3 Qh5# 0-1

[Event "4NCL Online Division 5"]
[Site "online"]
[Date "2021.02.23"]
[EventDate "2021.02.23"]
[Round "3.11"]
[White "Walker, David N"]
[WhiteElo "1946"]
[WhiteTeam "Harborough Cuatro 1"]
[Black "White, David"]
[BlackElo "1775"]
[BlackTeam "Welwyn Hatfield"]
[Result "1-0"]
[PlyCount "43"]

1. d4 Nf6 2. Nf3 g6 3. c4 c5 4. d5 e6 5. Nc3 exd5 6. cxd5 d6 7. e4 Bg7 8. Bc4 O-O 9. O-O Bg4 10. h3 Bxf3 11. Qxf3 a6 12. a4 b6 13. Bf4 Qe7 14. e5 dxe5 15. d6 Qa7 16. Bxe5 Nbd7 17. Bh2 Rae8 18. Rfe1 Qa8 19. Qxa8 Rxe1+ 20. Rxe1 Rxa8 21. Re7 Re8 22. Bxf7+ 1-0

[Event "4NCL Online Division 5"]
[Site "online"]
[Date "2021.02.23"]
[EventDate "2021.02.23"]
[Round "3.12"]
[White "Smith, Andrew PE"]
[WhiteElo "1727"]
[WhiteTeam "Welwyn Hatfield"]
[Black "Redding, Jonathan"]
[BlackElo "1854"]
[BlackTeam "Harborough Cuatro 1"]
[Result "1-0"]
[PlyCount "79"]

1. e4 c5 2. d4 cxd4 3. c3 e5 4. Nf3 Nc6 5. Bc4 Be7 6. cxd4 exd4 7. Nxd4 Bb4+ 8. Nc3 Qf6 9. Be3 Nh6 10. O-O O-O 11. Nd5 Qh4 12. Nxc6 Bd6 13. g3 Qh3 14. Nce7+ Kh8 15. Bxh6 Qxh6 16. Nf5 Qg6 17. Nxd6 Qxd6 18. Qh5 g6 19. Qh6 Re8 20. Rfd1 Qe5 21. Nf4 d5 22. Bxd5 Be6 23. Bxe6 Rxe6 24. Nxe6 Qxe6 25. Rd4 Rc8 26. Rad1 Qf6 27. Rd6 Qe7 28. Rd7 Qf6 29. e5 Qg7 30. Rd8+ Rxd8 31. Rxd8+ Qg8 32. Rxg8+ Kxg8 33. Qd2 Kg7 34. Qd7 b6 35. Qxa7 b5 36. Qb6 b4 37. Qxb4 h5 38. a4 Kh6 39. a5 Kg5 40. Qf4# 1-0

[Event "4NCL Online Division 5"]
[Site "online"]
[Date "2021.02.23"]
[EventDate "2021.02.23"]
[Round "3.13"]
[White "Waterfield, Mark"]
[WhiteElo "1711"]
[WhiteTeam "Harborough Cuatro 1"]
[Black "Sims, Tony J"]
[BlackElo "1598"]
[BlackTeam "Welwyn Hatfield"]
[Result "0-1"]
[PlyCount "116"]

1. e4 c5 2. Nf3 d6 3. c3 Nf6 4. Be2 e5 5. O-O Nc6 6. Qc2 h6 7. Rd1 Be6 8. d4 exd4 9. cxd4 Nb4 10. Bb5+ Bd7 11. Bxd7+ Qxd7 12. Qe2 Qe6 13. Nc3 Rd8 14. a3 Na6 15. d5 Qe7 16. h3 Nc7 17. b4 Nd7 18. Bf4 g5 19. Bh2 Bg7 20. Rac1 O-O 21. Nb5 Nxb5 22. Qxb5 b6 23. bxc5 Nxc5 24. Re1 f6 25. Nd4 Qd7 26. Qb1 Rfe8 27. Nf5 Qc7 28. Nxd6 Rxd6 29. Qb5 Qd7 30. Qc4 Qd8 31. Bxd6 Qxd6 32. a4 Re5 33. g4 Bf8 34. Ra1 Be7 35. f3 Bd8 36. Rec1 Bc7 37. a5 Re7 38. Ra2 Kg7 39. Rg2 bxa5 40. Kh1 Bb6 41. Qb5 Rc7 42. Rd1 Qd7 43. Qe2 Qd6 44. h4 Na4 45. Rh2 Nc3 46. Qd2 Nxd1 47. hxg5 fxg5 48. Qxd1 Be3 49. Re2 Bf4 50. Qd4+ Qe5 51. Qa4 Qd6 52. Qe8 Qe7 53. Qb5 Bd6 54. Kg1 Qe5 55. Kf2 Qg3+ 56. Ke3 Bf4+ 57. Kd4 Qg1+ 58. Kd3 Qd1+ 0-1

[Event "4NCL Online Division 5"]
[Site "online"]
[Date "2021.02.23"]
[EventDate "2021.02.23"]
[Round "3.14"]
[White "Elder, Kidge"]
[WhiteElo "1542"]
[WhiteTeam "Welwyn Hatfield"]
[Black "Geear, Alistair"]
[BlackElo "1600"]
[BlackTeam "Harborough Cuatro 1"]
[Result "0-1"]
[PlyCount "88"]

1. d4 Nf6 2. Nf3 d6 3. c4 g6 4. Qc2 Bf5 5. Qb3 Bc8 6. e3 Bg7 7. Nc3 O-O 8. Bd3 Nbd7 9. O-O e5 10. dxe5 dxe5 11. Be2 Nc5 12. Qd1 Qe7 13. Nd2 Rd8 14. Qc2 e4 15. Nb3 Nd3 16. Rd1 Bf5 17. h3 Nb4 18. Qb1 Rxd1+ 19. Bxd1 h5 20. Nd4 Bd7 21. Be2 c5 22. Nc2 Nd3 23. Bd2 Rd8 24. Bxd3 exd3 25. Ne1 Bf5 26. f3 Be6 27. b3 Qd7 28. h4 Ne8 29. Qd1 Bxc3 30. Bxc3 d2 31. Nc2 Qd3 32. Be5 f6 33. Bf4 Ng7 34. e4 Bf7 35. Ne3 Ne6 36. Bg3 Qxe3+ 37. Bf2 Qc3 38. Rb1 Nf4 39. Bxc5 Qd3 40. Be7 Ne2+ 41. Kh1 Nc3 42. Qf1 Qxb1 43. Qxb1 Nxb1 44. Bxd8 d1=Q+ 0-1

[Event "4NCL Online Division 5"]
[Site "online"]
[Date "2021.02.23"]
[EventDate "2021.02.23"]
[Round "3.21"]
[White "Bajpayee, Yayin"]
[WhiteElo "1095"]
[WhiteTeam "Watford Juniors B"]
[Black "Hill-Wood, T Wilfred D"]
[BlackElo "1663"]
[BlackTeam "KCJS 1"]
[Result "0-1"]
[PlyCount "106"]

1. d4 Nf6 2. Bf4 d5 3. e3 Bf5 4. Nf3 e6 5. Nbd2 Bd6 6. Bxd6 Qxd6 7. c4 c6 8. cxd5 cxd5 9. Rc1 O-O 10. Be2 Nc6 11. O-O Bg4 12. Nh4 Bxe2 13. Qxe2 h6 14. h3 Rac8 15. a3 Na5 16. Nhf3 Qb6 17. b4 Nc6 18. Nb3 Ne4 19. Nfd2 Nf6 20. Nc5 Rfd8 21. Rc2 Nd7 22. Ndb3 Nxc5 23. Nxc5 e5 24. dxe5 Nxe5 25. Rfc1 Nc4 26. Qd3 a5 27. Nb3 axb4 28. axb4 Qxb4 29. Nd4 Ra8 30. Qc3 Qxc3 31. Rxc3 Ra3 32. Rxa3 Nxa3 33. Kh2 Nc4 34. Kg3 Rb8 35. Rb1 Nd2 36. Rb2 Ne4+ 37. Kf4 f6 38. Nc6 Nc5 39. Rb5 Nd3+ 40. Kg3 Re8 41. Rxb7 Ne5 42. Nxe5 fxe5 43. Rd7 d4 44. exd4 exd4 45. Rxd4 Kh7 46. Kf3 Ra8 47. g4 Ra3+ 48. Kg2 Rb3 49. Rf4 Kg6 50. Rf3 Rb4 51. Kg3 Kh7 52. Rf4 Rb3+ 53. Kh4 g5+ 0-1

[Event "4NCL Online Division 5"]
[Site "online"]
[Date "2021.02.23"]
[EventDate "2021.02.23"]
[Round "3.22"]
[White "Soulier, Alfred"]
[WhiteElo "1624"]
[WhiteTeam "KCJS 1"]
[Black "Demyan, Leo"]
[BlackElo "1143"]
[BlackTeam "Watford Juniors B"]
[Result "1-0"]
[PlyCount "49"]

1. d4 g6 2. Nc3 Nf6 3. e4 d6 4. f4 Bg7 5. Nf3 O-O 6. Bd3 Nbd7 7. e5 Ne8 8. Bd2 c5 9. dxc5 dxe5 10. Nxe5 Nxe5 11. fxe5 Bxe5 12. Qe2 Qc7 13. Nd5 Qb8 14. Nxe7+ Kh8 15. Nxc8 Qc7 16. Nd6 Bxd6 17. cxd6 Nxd6 18. O-O-O Rfe8 19. Qf3 Rac8 20. Qf6+ Kg8 21. Bh6 Nf5 22. Bxf5 Qe5 23. Qxe5 Rxe5 24. Bxc8 Rh5 25. Rd8# 1-0

[Event "4NCL Online Division 5"]
[Site "online"]
[Date "2021.02.23"]
[EventDate "2021.02.23"]
[Round "3.23"]
[White "Holland, Nicolas"]
[WhiteElo "1103"]
[WhiteTeam "Watford Juniors B"]
[Black "Patel, Sen"]
[BlackElo "1620"]
[BlackTeam "KCJS 1"]
[Result "0-1"]
[PlyCount "50"]

1. e4 c6 2. d4 d5 3. Nc3 dxe4 4. Nxe4 Bf5 5. Nc3 Nf6 6. Nf3 e6 7. Bf4 Bb4 8. Bd3 Bg6 9. Bxg6 hxg6 10. O-O Bxc3 11. bxc3 Nd5 12. Be5 f6 13. Bg3 Nd7 14. Re1 Kf7 15. Bd6 N7b6 16. Ba3 Qc7 17. Qe2 Rae8 18. Qd3 g5 19. c4 Nf4 20. Qb3 g4 21. Nd2 Rxh2 22. Kxh2 Rh8+ 23. Kg1 Ne2+ 24. Kf1 Nxd4 25. Qe3 Rh1# 0-1

[Event "4NCL Online Division 5"]
[Site "online"]
[Date "2021.02.23"]
[EventDate "2021.02.23"]
[Round "3.24"]
[White "Kucukyildiz, Alp Tugrul"]
[WhiteElo "1421"]
[WhiteTeam "KCJS 1"]
[Black "Khandelwal, Akshaj"]
[BlackElo "1083"]
[BlackTeam "Watford Juniors B"]
[Result "1-0"]
[PlyCount "51"]

1. e4 e6 2. d4 d5 3. e5 c5 4. c3 Nc6 5. Nf3 Qb6 6. a3 f6 7. Be2 Bd7 8. O-O O-O-O 9. b4 c4 10. Be3 h5 11. a4 h4 12. a5 Qa6 13. Nbd2 Be7 14. Qb1 b5 15. axb6 Qxb6 16. Qa2 g5 17. exf6 Bxf6 18. Bxg5 Bxg5 19. Nxg5 Nf6 20. Nf7 Rdg8 21. Nxh8 Rxh8 22. b5 Qxb5 23. Rfb1 Nb4 24. Rxb4 Qc6 25. Qxa7 Rd8 26. Rb8# 1-0

[Event "4NCL Online Division 5"]
[Site "online"]
[Date "2021.02.23"]
[EventDate "2021.02.23"]
[Round "3.31"]
[White "Povah, Nigel E"]
[WhiteTitle "IM"]
[WhiteElo "2280"]
[WhiteTeam "Guildford Castles 1"]
[Black "Liu, Jason"]
[BlackElo "1361"]
[BlackTeam "BCC Penguins"]
[Result "1-0"]
[PlyCount "117"]

1. d4 b6 2. e4 Bb7 3. Nc3 e6 4. f3 Bb4 5. Be3 Nf6 6. Bd3 d5 7. e5 Nfd7 8. f4 c5 9. Nf3 Nc6 10. a3 Bxc3+ 11. bxc3 c4 12. Be2 Qc7 13. O-O g6 14. a4 Ne7 15. Bc1 Bc6 16. Qe1 a5 17. Qh4 Nf5 18. Qh3 O-O-O 19. Ng5 Nb8 20. g4 Ng7 21. Qh6 Rdg8 22. Kh1 Be8 23. Ba3 Bxa4 24. Bd6 Qd7 25. Rfb1 Bb5 26. Rb2 Ne8 27. Rab1 Nxd6 28. exd6 f6 29. Nf3 Qxd6 30. Rxb5 Nd7 31. Kg2 Kc7 32. h3 Ra8 33. Nd2 Qc6 34. Qg7 Rab8 35. Qe7 Qd6 36. Qxd6+ Kxd6 37. h4 Kc6 38. Bf3 Kc7 39. Kg3 Rhg8 40. g5 f5 41. Be2 Rge8 42. h5 Rg8 43. hxg6 Rxg6 44. Rh1 Rg7 45. Rh6 Kd6 46. Bxc4 dxc4 47. Nxc4+ Ke7 48. Ne5 Kd6 49. c4 Nxe5 50. fxe5+ Ke7 51. Kf4 a4 52. d5 exd5 53. cxd5 Ra8 54. Rbxb6 a3 55. Ra6 Rc8 56. Rxa3 Rc4+ 57. Kxf5 Rxc2 58. Ra7+ Kf8 59. Rf6+ 1-0

[Event "4NCL Online Division 5"]
[Site "online"]
[Date "2021.02.23"]
[EventDate "2021.02.23"]
[Round "3.32"]
[White "Liu, Benjamin"]
[WhiteElo "896"]
[WhiteTeam "BCC Penguins"]
[Black "Punnett, Alan K"]
[BlackElo "2096"]
[BlackTeam "Guildford Castles 1"]
[Result "0-1"]
[PlyCount "120"]

1. d4 Nf6 2. c4 e6 3. Nc3 Bb4 4. Bg5 h6 5. Bh4 c5 6. e3 Bxc3+ 7. bxc3 d6 8. Nf3 Nbd7 9. Be2 O-O 10. O-O Re8 11. Qd3 e5 12. dxe5 dxe5 13. Bxf6 Qxf6 14. Rfd1 e4 15. Qd5 exf3 16. Bxf3 Ne5 17. Qe4 Nxf3+ 18. Qxf3 Qxf3 19. gxf3 Be6 20. Rab1 b6 21. Rd6 Red8 22. Rbd1 Rxd6 23. Rxd6 Kf8 24. Kg2 Ke7 25. Rd1 Bxc4 26. a3 Rd8 27. Rxd8 Kxd8 28. Kg3 Ke7 29. Kf4 Ke6 30. Ke4 f5+ 31. Kf4 b5 32. e4 g6 33. h4 a5 34. h5 g5+ 35. Ke3 b4 36. cxb4 cxb4 37. axb4 axb4 38. Kd4 Be2 39. exf5+ Kxf5 40. Ke3 Bxf3 41. Kd2 Bxh5 42. Kc2 Bf7 43. Kd3 b3 44. Kc3 h5 45. Kd2 h4 46. Kd1 h3 47. Kd2 h2 48. f4 h1=Q 49. fxg5 Qc6 50. g6 Qc2+ 51. Ke3 Bxg6 52. Kd4 b2 53. Kd5 b1=R 54. Kd4 Rd1+ 55. Ke3 Qe4+ 56. Kf2 Rd2+ 57. Kg3 Qf4+ 58. Kh3 Rd3+ 59. Kg2 Rg3+ 60. Kh1 Qh4# 0-1

[Event "4NCL Online Division 5"]
[Site "online"]
[Date "2021.02.23"]
[EventDate "2021.02.23"]
[Round "3.33"]
[White "Young, Craig A"]
[WhiteElo "2049"]
[WhiteTeam "Guildford Castles 1"]
[Black "Bell, Euan"]
[BlackElo "673"]
[BlackTeam "BCC Penguins"]
[Result "1-0"]
[PlyCount "65"]

1. d4 g6 2. Nf3 d5 3. c4 Bg7 4. cxd5 Qxd5 5. Nc3 Qe6 6. e3 Nf6 7. Bd3 O-O 8. O-O c6 9. b3 Qd6 10. h3 Nbd7 11. a4 a5 12. Ba3 Qe6 13. Ng5 Re8 14. Nxe6 fxe6 15. Rc1 e5 16. Bc4+ e6 17. dxe5 Nxe5 18. Be2 Bf8 19. Bxf8 Rxf8 20. Qd4 Ned7 21. Ne4 Nxe4 22. Qxe4 Nf6 23. Qe5 Rf7 24. Rfd1 Bd7 25. Bc4 Re8 26. Rd2 b5 27. axb5 cxb5 28. Bxb5 Bxb5 29. Qxb5 Ne4 30. Qxe8+ Kg7 31. Rd7 Ng5 32. Rxf7+ Nxf7 33. Rc7 { Black resigns. } 1-0

[Event "4NCL Online Division 5"]
[Site "online"]
[Date "2021.02.23"]
[EventDate "2021.02.23"]
[Round "3.34"]
[White "Florczak, Adam"]
[WhiteElo "720"]
[WhiteTeam "BCC Penguins"]
[Black "White, Nigel"]
[BlackElo "2084"]
[BlackTeam "Guildford Castles 1"]
[Result "0-1"]
[PlyCount "96"]

1. e4 c5 2. Nf3 d6 3. Nc3 Nf6 4. d3 Nc6 5. Be2 g6 6. O-O Bg7 7. Bg5 h6 8. Bxf6 Bxf6 9. Nd5 Bxb2 10. Rb1 Bg7 11. Qd2 O-O 12. Qe3 b6 13. c3 e6 14. d4 exd5 15. exd5 cxd4 16. cxd4 Ne7 17. Bb5 Bb7 18. Bc4 Bxd5 19. Bxd5 Nxd5 20. Qe4 Nc3 21. Qc2 Nxb1 22. Qxb1 Re8 23. Re1 Rc8 24. Rxe8+ Qxe8 25. Qf1 Rc2 26. Ne1 Rxa2 27. h3 Qe2 28. Qxe2 Rxe2 29. Kf1 Rxe1+ 30. Kxe1 Bxd4 31. Ke2 f5 32. f3 Kf7 33. Kd3 Bc5 34. Ke2 Ke6 35. g3 Ke5 36. h4 b5 37. f4+ Ke4 38. Kd2 b4 39. Kc2 d5 40. Kb3 d4 41. Kc4 Bf8 42. Kb3 d3 43. Kb2 Ke3 44. Kc1 Ke2 45. Kb1 d2 46. Kb2 d1=Q 47. Ka2 Qc2+ 48. Ka1 Bg7# { Black wins by checkmate. } 0-1

[Event "4NCL Online Division 5"]
[Site "online"]
[Date "2021.02.23"]
[EventDate "2021.02.23"]
[Round "3.41"]
[White "Price, Michael C"]
[WhiteElo "1739"]
[WhiteTeam "Uxbridge Bulldogs"]
[Black "Murphy, Conor E"]
[BlackTitle "FM"]
[BlackElo "2396"]
[BlackTeam "Charlton Cobras A"]
[Result "0-1"]
[PlyCount "62"]

1. e4 e5 2. Nf3 Nc6 3. Bb5 a6 4. Ba4 Nf6 5. O-O Be7 6. Re1 b5 7. Bb3 O-O 8. c3 d5 9. exd5 Nxd5 10. Nxe5 Nxe5 11. Rxe5 c6 12. d4 Bd6 13. Re1 Qh4 14. g3 Qh3 15. Be3 Ra7 16. a4 Re7 17. axb5 Nxe3 18. Rxe3 Rxe3 19. fxe3 Bxg3 20. hxg3 Qxg3+ 21. Kf1 Bh3+ 22. Ke2 Bg4+ 23. Kd2 Qf2+ 24. Kc1 Bxd1 25. Bxd1 Qxe3+ 26. Nd2 axb5 27. Ra6 Rc8 28. Bf3 b4 29. Bxc6 bxc3 30. bxc3 Qxc3+ 31. Kd1 Rxc6 0-1

[Event "4NCL Online Division 5"]
[Site "online"]
[Date "2021.02.23"]
[EventDate "2021.02.23"]
[Round "3.42"]
[White "Stebbings, Anthony J"]
[WhiteTitle "FM"]
[WhiteElo "2240"]
[WhiteTeam "Charlton Cobras A"]
[Black "Knight, David"]
[BlackElo "1671"]
[BlackTeam "Uxbridge Bulldogs"]
[Result "1-0"]
[PlyCount "49"]

1. d4 Nf6 2. c4 e6 3. Nc3 d5 4. Bg5 Be7 5. e3 h6 6. Bh4 O-O 7. Rc1 a6 8. Nf3 dxc4 9. Bxc4 b5 10. Bd3 Bb7 11. a3 Nbd7 12. b4 Nb6 13. O-O Ne8 14. Bxe7 Qxe7 15. Ne4 Bxe4 16. Bxe4 Nd5 17. Qb3 Nef6 18. Bd3 Rac8 19. Rc6 Nb6 20. Rfc1 Nfd5 21. Ne5 Kh8 22. Bb1 Rfd8 23. Bg6 Rf8 24. Bxf7 Rxf7 25. Ng6+ 1-0

[Event "4NCL Online Division 5"]
[Site "online"]
[Date "2021.02.23"]
[EventDate "2021.02.23"]
[Round "3.43"]
[White "Knight, Daniel"]
[WhiteElo "1663"]
[WhiteTeam "Uxbridge Bulldogs"]
[Black "Morris, David"]
[BlackElo "1930"]
[BlackTeam "Charlton Cobras A"]
[Result "0-1"]
[PlyCount "106"]

1. d4 Nf6 2. Nf3 c5 3. d5 b5 4. Bg5 Qb6 5. c3 Bb7 6. Bxf6 Qxf6 7. e4 Qb6 8. Bd3 g6 9. O-O Bg7 10. Nbd2 O-O 11. Rb1 c4 12. Bc2 e6 13. dxe6 fxe6 14. Qe2 d5 15. e5 Nc6 16. b3 Qc7 17. bxc4 bxc4 18. Rfe1 Rab8 19. Qe3 Qe7 20. Rb2 Ba8 21. Reb1 Rxb2 22. Rxb2 Rb8 23. Rxb8+ Nxb8 24. Nd4 Bc6 25. g3 Be8 26. Nb1 Nc6 27. f4 Nxd4 28. Qxd4 Bf8 29. Kg2 Qc5 30. Qxc5 Bxc5 31. g4 d4 32. cxd4 Bxd4 33. h4 Bc6+ 34. Kg3 Bd5 35. a4 a6 36. Na3 Bc3 37. Nb1 Be1+ 38. Kh3 Kg7 39. Na3 h6 40. g5 h5 41. Nb1 Kf7 42. Na3 c3 43. Nb1 Bc4 44. Na3 Bf1+ 45. Kh2 Bxh4 46. Nb1 Be1 47. Na3 Be2 48. Be4 Bd2 49. Kg3 h4+ 50. Kh3 Bxf4 51. Kxh4 Bxe5 52. Nc2 Bd1 53. Ne3 Bxa4 0-1

[Event "4NCL Online Division 5"]
[Site "online"]
[Date "2021.02.23"]
[EventDate "2021.02.23"]
[Round "3.44"]
[White "Jakhria, Kushal"]
[WhiteElo "1723"]
[WhiteTeam "Charlton Cobras A"]
[Black "Sagade, Nivedita"]
[BlackElo "1600"]
[BlackTeam "Uxbridge Bulldogs"]
[Result "1-0"]
[PlyCount "87"]

1. c4 e6 2. Nc3 d5 3. cxd5 exd5 4. d4 Nf6 5. g3 Be7 6. Bg2 c6 7. Nf3 Bf5 8. O-O O-O 9. Re1 h6 10. Ne5 Nbd7 11. Nd3 Re8 12. f3 Nf8 13. Ne5 Bd6 14. e4 dxe4 15. fxe4 Bh7 16. Nc4 Bb4 17. e5 Nd5 18. Bd2 Ne6 19. a3 Be7 20. Bc1 Rc8 21. Nxd5 cxd5 22. Ne3 Be4 23. Bxe4 dxe4 24. Nc2 f6 25. Rxe4 fxe5 26. Rxe5 Bf6 27. Re4 Nxd4 28. Rxe8+ Qxe8 29. Nxd4 Bxd4+ 30. Qxd4 Qe1+ 31. Kg2 Rc2+ 32. Kf3 Qf1+ 33. Ke3 Qe1+ 34. Kf4 Qf1+ 35. Ke5 Qf6+ 36. Ke4 Qc6+ 37. Qd5+ Qxd5+ 38. Kxd5 Rxh2 39. b4 Kf7 40. Bf4 g5 41. Be5 h5 42. Rf1+ Ke8 43. Ke6 Re2 44. Rf5 1-0

[Event "4NCL Online Division 5"]
[Site "online"]
[Date "2021.02.23"]
[EventDate "2021.02.23"]
[Round "3.51"]
[White "Kriman, Salim"]
[WhiteElo "2000"]
[WhiteTeam "Hackney Hackers"]
[Black "Shah, Prem C"]
[BlackElo "1075"]
[BlackTeam "Watford Juniors C"]
[Result "1-0"]
[PlyCount "109"]

1. d4 Nf6 2. c4 c5 3. d5 e6 4. Nc3 exd5 5. cxd5 b6 6. e4 Bd6 7. f4 O-O 8. e5 Re8 9. Be2 Bf8 10. exf6 Qxf6 11. Nf3 Ba6 12. O-O Bxe2 13. Nxe2 Na6 14. Rb1 Nb4 15. a3 Na2 16. Bd2 Qf5 17. Ng3 Qxd5 18. Qc2 Be7 19. Rbd1 Qe6 20. b3 d5 21. Qxa2 c4 22. Rfe1 Qc6 23. Ne5 Qc7 24. bxc4 dxc4 25. Nxc4 b5 26. Ne5 Rf8 27. Nf5 Bd6 28. Nxd6 Qxd6 29. Bb4 Qb6+ 30. Kh1 Qb7 31. Bxf8 Rxf8 32. Rd7 Qc8 33. Rxf7 Rxf7 34. Qxf7+ Kh8 35. Ng6+ hxg6 36. Re8+ Qxe8 37. Qxe8+ Kh7 38. Qxb5 Kh6 39. Qa6 Kh5 40. Qxa7 g5 41. fxg5 Kxg5 42. a4 g6 43. a5 Kf5 44. Qc5+ Ke6 45. a6 g5 46. g3 g4 47. Kg2 Kd7 48. h3 gxh3+ 49. Kxh3 Ke6 50. g4 Kf6 51. g5+ Kg6 52. a7 Kg7 53. a8=Q Kg6 54. Qa6+ Kh5 55. Qh6# 1-0